000 00407nam a22001817a 4500
003 OSt
005 20260319140052.0
008 260319b |||||||| |||| 00| 0 eng d
020 _a9781529435122
082 _a833.92
_bKEHD
100 _aKehlmann, Daniel
245 _aDirector
260 _aLondon
_bRiverrun
_c2025
300 _a333p
546 _aGerman
650 _aGerman Fiction
942 _2ddc
_cBK
999 _c3967
_d3967